Statistics for Biggest Cities in West Virginia

Click here to take the quiz!

General Stats

  • This quiz has been taken 980 times
    (191 since last reset)
  • The average score is 7 of 20

Answer Stats

Population City % Correct
47,215Charleston
99%
46,048Huntington
78%
30,955Morgantown
73%
26,771Wheeling
70%
29,675Parkersburg
52%
16,183Beckley
38%
17,465Martinsburg
32%
18,411Fairmont
30%
15,480Clarksburg
30%
9,730Bluefield
27%
18,449Weirton
25%
7,026Elkins
25%
12,240South Charleston
22%
8,401Moundsville
14%
10,069St. Albans
13%
6,506Hurricane
13%
8,681Bridgeport
10%
8,218Oak Hill
10%
10,230Vienna
9%
7,205Dunbar
7%

Score Distribution

Percentile by Number Answered

Percent of People with Each Score

Your Score History

You have not taken this quiz since the last reset